| 000 | 01723nam a22002537a 4500 | ||
|---|---|---|---|
| 999 |
_c336242 _d336242 |
||
| 001 | 50148 | ||
| 003 | UA-OsUOA | ||
| 005 | 20230504161246.0 | ||
| 007 | ta | ||
| 008 | 20071029b un ||||| |||| 00| 0 ukr d | ||
| 020 | _a978-966-580-244-0 | ||
| 040 |
_aUA-OsUOA _bukr _cUA-OsUOA _dUA-OsUOA |
||
| 041 | _aukr | ||
| 080 | _a82.09(035) | ||
| 090 |
_a82.09(035) _bЛ67 |
||
| 245 |
_aЛітературознавчий словник-довідник _cза ред. Р. Гром'яка , Ю. Коваліва |
||
| 260 |
_aК. _bАкадемія _c2007 |
||
| 300 | _a750 с. | ||
| 520 | _aУ словнику-довіднику розкрито зміст основних філософсько-естетичних категорій, літературознавчих, лінгвістичних, психологічних понять, які характеризують специфіку художньої літератури, її функціонування у суспільстві. Подано інформацію про українські альманахи і літературно-мистецькі часописи, об’єднання письменників і стильові течії у світовому письменстві. Розрахований на літературознавців, критиків, викладачів і студентів-філологів, учителів-словесників, усіх, хто цікавиться мистецтвом слова. | ||
| 650 | 7 |
_a82 Література. Літературознавство _2UDC |
|
| 942 |
_cBK _2udc |
||
| 955 | _a2 | ||